000 00975nam a2200265Ia 4500
003 OSt
005 20220923211312.0
006 a|||||r|||| 00| 0
007 ta
008 220922b |||||||| |||| 00| 0 hin d
020 _a9788179757130 (hbk)
_c800
024 _a289,282
037 _b1337, 10/03/2016, Kiran Book Service
_cTextual
040 _aARTS
_cARTS
_bhin
041 _2hin
_ahin
082 _aO152,6N428x, Q5
100 _aशर्मा, कृष्णदत्त
245 0 _aआलोचना और सृजनशीलता
246 _aĀlochanā aur sṛujanashīlatā
260 _aनयी दिल्ली
_b अनामिका पब्लिशर्स
_c2015
300 _a350पृ.
_ccm.
650 _aहिन्दी साहित्य
_9156264
942 _hO152,6N428x, Q5
_cTEXL
_2CC
999 _c298267
_d298267